[Event "Norrkoeping Easter op"]
[Site "Norrkoeping"]
[Date "2024.04.01"]
[Round "8"]
[White "Sundin, Emanuel"]
[Black "Bogo, Soren"]
[Result "1/2-1/2"]
[WhiteElo "2092"]
[BlackElo "2241"]
[PlyCount "84"]
[EventDate "2024.03.29"]
[EventType "swiss"]
[EventRounds "8"]
[EventCountry "SWE"]
[SourceTitle "CB14_2024"]
[SourceDate "2024.04.01"]
[SourceVersion "1"]
[SourceVersionDate "2024.04.01"]
[SourceQuality "1"]

1. e4 c6 2. d4 d5 3. Nd2 dxe4 4. Nxe4 Nf6 5. Nxf6+ exf6 6. c3 Bd6 7. Bd3 0-0 8. Qc2 Re8+ 9. Ne2 h5 10. Be3 Nd7 11. 0-0-0 Nf8 12. Kb1 Be6 13. c4 Rc8 14. a3 a6 15. Nc3 b5 16. c5 Bb8 17. Rhe1 Ng6 18. Be4 Ne7 19. Ka1 Nd5 20. Bc1 Nxc3 21. Qxc3 Bd5 22. Qf3 Rxe4 23. Rxe4 Qd7 24. Qe2 Bxe4 25. Qxe4 Rd8 26. Kb1 Qe6 27. Qf3 Qd5 28. Qxd5 Rxd5 29. h3 f5 30. Kc2 f6 31. Kc3 Kf7 32. f3 Be5 33. b4 Bc7 34. Be3 Ke6 35. Re1 Kd7 36. a4 f4 37. axb5 axb5 38. Bd2 g5 39. Ra1 Rxd4 40. Kxd4 Be5+ 41. Ke4 Bxa1 42. Kf5 h4 1/2-1/2

[Event "Sundsvall op"]
[Site "Sundsvall"]
[Date "2023.01.07"]
[Round "6"]
[White "Sundin, Emanuel"]
[Black "Larkin, Vladislav"]
[Result "0-1"]
[WhiteElo "2099"]
[BlackElo "2450"]
[PlyCount "66"]
[EventDate "2023.01.06"]
[EventType "swiss"]
[EventRounds "8"]
[EventCountry "SWE"]
[SourceTitle "EXT 2024"]
[Source "ChessBase"]
[SourceDate "2023.10.10"]
[SourceVersion "1"]
[SourceVersionDate "2023.10.10"]
[SourceQuality "1"]

1. e4 c5 2. Nc3 a6 3. g3 b5 4. Bg2 Bb7 5. Nf3 e6 6. d4 cxd4 7. Nxd4 b4 8. Na4 Nf6 9. 0-0 Bxe4 10. Bxe4 Nxe4 11. Re1 Nf6 12. Qf3 d5 13. Bf4 Be7 14. Rad1 0-0 15. Bxb8 Rxb8 16. Nc6 Qd7 17. Nxb8 Qxa4 18. Qf4 Rc8 19. g4 Qb5 20. g5 Ne8 21. Nxa6 Qxa6 22. a3 bxa3 23. bxa3 Qxa3 24. Re3 Qb4 25. Qxb4 Bxb4 26. Re2 Nd6 27. Rb1 Bc5 28. h4 Ne4 29. Rb2 Bd4 30. Rb3 Bxf2+ 31. Rxf2 Nxf2 32. Kxf2 Rxc2+ 33. Kf3 g6 0-1

[Event "Ostersund Storsjodraget op"]
[Site "Ostersund"]
[Date "2022.06.12"]
[Round "6"]
[White "Sundin, Emanuel"]
[Black "Olofsson, Henrik"]
[Result "1-0"]
[WhiteElo "2138"]
[BlackElo "1965"]
[PlyCount "51"]
[EventDate "2022.06.10"]
[EventType "swiss"]
[EventRounds "7"]
[EventCountry "SWE"]
[SourceTitle "CBM 208 Extra"]
[Source "ChessBase"]
[SourceDate "2022.07.31"]
[SourceVersion "1"]
[SourceVersionDate "2022.07.31"]
[SourceQuality "1"]

1. e4 e5 2. Nf3 Nc6 3. Bc4 Nf6 4. Ng5 d5 5. exd5 Na5 6. Bb5+ c6 7. dxc6 bxc6 8. Qf3 Be7 9. 0-0 0-0 10. Bd3 h6 11. Ne4 Nd5 12. Ng3 Qc7 13. Nf5 Bxf5 14. Bxf5 Nb7 15. c4 Nf6 16. b3 Nc5 17. Nc3 Rad8 18. b4 e4 19. Qe3 Qe5 20. bxc5 Qxf5 21. d4 Ng4 22. Qe2 Rxd4 23. f3 Bxc5 24. fxg4 Rd2+ 25. Kh1 Rxe2 26. gxf5 1-0

[Event "Ostersund Storsjodraget op"]
[Site "Ostersund"]
[Date "2022.06.10"]
[Round "2"]
[White "Sundin, Emanuel"]
[Black "Sian, Shadi"]
[Result "1-0"]
[WhiteElo "2138"]
[BlackElo "1935"]
[PlyCount "105"]
[EventDate "2022.06.10"]
[EventType "swiss"]
[EventRounds "7"]
[EventCountry "SWE"]
[SourceTitle "CBM 208 Extra"]
[Source "ChessBase"]
[SourceDate "2022.07.31"]
[SourceVersion "1"]
[SourceVersionDate "2022.07.31"]
[SourceQuality "1"]

1. e4 c5 2. Nc3 Nc6 3. Bb5 e6 4. Bxc6 bxc6 5. f4 d5 6. d3 Ba6 7. b3 c4 8. bxc4 dxc4 9. d4 Bb4 10. Nge2 Nf6 11. 0-0 c5 12. e5 Bxc3 13. Nxc3 Qxd4+ 14. Qxd4 cxd4 15. exf6 dxc3 16. f5 gxf6 17. fxe6 fxe6 18. Rxf6 0-0-0 19. Be3 Rd6 20. Bxa7 Bb7 21. Be3 Rhd8 22. Kf2 e5 23. Rf5 Re6 24. a4 Rd5 25. Rf7 Rd7 26. Rf8+ Rd8 27. Rxd8+ Kxd8 28. a5 Rf6+ 29. Ke2 Kd7 30. g3 Bf3+ 31. Ke1 Bg2 32. Ra4 Rc6 33. a6 Rc8 34. a7 Be4 35. Ra3 Kc7 36. Rxc3 Kb7 37. Kd2 Bd5 38. Ra3 Rd8 39. Kc3 Rf8 40. Kb4 Rc8 41. Ra5 Be4 42. c3 Bd3 43. Rxe5 Ka8 44. Rb5 Re8 45. Bd4 Rd8 46. h4 Be2 47. Re5 Bd3 48. Re7 Rc8 49. g4 Bf1 50. Rxh7 Bd3 51. Re7 Rg8 52. g5 Rc8 53. h5 1-0

[Event "Sundsvall op"]
[Site "Sundsvall"]
[Date "2020.01.06"]
[Round "7"]
[White "Sundin, Emanuel"]
[Black "Burwick, Malte"]
[Result "1-0"]
[WhiteElo "2103"]
[BlackElo "2254"]
[PlyCount "107"]
[EventDate "2020.01.04"]
[EventType "swiss"]
[EventRounds "8"]
[EventCountry "SWE"]
[SourceTitle "CBM 194 Extra"]
[Source "ChessBase"]
[SourceDate "2020.03.31"]
[SourceVersion "1"]
[SourceVersionDate "2020.03.31"]
[SourceQuality "1"]

1. d4 g6 2. c4 Bg7 3. Nf3 d6 4. Nc3 Nf6 5. g3 0-0 6. Bg2 Nbd7 7. 0-0 e5 8. e4 c6 9. h3 Ne8 10. Re1 exd4 11. Nxd4 Qb6 12. Nb3 Qb4 13. Bf1 Nc5 14. Bd2 Be6 15. Nd5 Qa4 16. Nxc5 Qxd1 17. Raxd1 dxc5 18. Nf4 Nc7 19. b3 Rfd8 20. Nd3 Bd4 21. Bf4 Na6 22. Bg2 Kg7 23. Be5+ Bxe5 24. Nxe5 Nb4 25. f4 Nxa2 26. g4 f6 27. Nf3 Nb4 28. f5 Bf7 29. e5 fxe5 30. Nxe5 gxf5 31. gxf5 Bh5 32. Rd7+ Rxd7 33. Nxd7 Re8 34. Rxe8 Bxe8 35. Nxc5 b6 36. Ne4 Bh5 37. Kf2 Bd1 38. Nd2 Kf6 39. Ke3 Ke5 40. Be4 h6 41. Nf3+ Kf6 42. Nd2 a5 43. Kf4 b5 44. cxb5 cxb5 45. Bb1 Nd5+ 46. Kg3 Nc3 47. Bd3 Be2 48. Bc2 a4 49. bxa4 bxa4 50. Kf2 a3 51. Nb3 Bc4 52. Kg3 Nd5 53. Kh4 Ne3 54. Na1 1-0

[Event "SWE-ch U20"]
[Site "Eskilstuna"]
[Date "2019.07.14"]
[Round "9"]
[White "Sundin, Emanuel"]
[Black "Rasti, Arvin"]
[Result "0-1"]
[WhiteElo "2134"]
[BlackElo "2220"]
[PlyCount "52"]
[EventDate "2019.07.06"]
[EventType "tourn"]
[EventRounds "9"]
[EventCountry "SWE"]
[SourceTitle "CBM 191 Extra"]
[Source "ChessBase"]
[SourceDate "2019.09.30"]
[SourceVersion "1"]
[SourceVersionDate "2019.09.30"]
[SourceQuality "1"]

1. e4 c5 2. Nf3 d6 3. d4 cxd4 4. Nxd4 Nf6 5. Nc3 g6 6. Be3 Bg7 7. f3 0-0 8. Qd2 Nc6 9. Bc4 Bd7 10. 0-0-0 Rc8 11. Bb3 Ne5 12. Kb1 a6 13. h4 h5 14. g4 hxg4 15. h5 Nxh5 16. Bh6 Rc5 17. Rdg1 Kh7 18. Bxg7 Kxg7 19. fxg4 Bxg4 20. Nf5+ Bxf5 21. Rxh5 Rh8 22. Rxf5 Rh3 23. Bxf7 Rcxc3 24. bxc3 Qb6+ 25. Bb3 Qxg1+ 26. Kb2 gxf5 0-1

[Event "SWE-ch U20"]
[Site "Eskilstuna"]
[Date "2019.07.13"]
[Round "8"]
[White "Storme, Isak"]
[Black "Sundin, Emanuel"]
[Result "1-0"]
[WhiteElo "2330"]
[BlackElo "2134"]
[PlyCount "37"]
[EventDate "2019.07.06"]
[EventType "tourn"]
[EventRounds "9"]
[EventCountry "SWE"]
[SourceTitle "CBM 191 Extra"]
[Source "ChessBase"]
[SourceDate "2019.09.30"]
[SourceVersion "1"]
[SourceVersionDate "2019.09.30"]
[SourceQuality "1"]

1. e4 c5 2. Nc3 Nc6 3. Nge2 g6 4. g3 Bg7 5. Bg2 e6 6. d3 Nge7 7. Bg5 0-0 8. Qd2 Qa5 9. 0-0 b5 10. e5 Rb8 11. b4 Qxb4 12. a4 Nd4 13. Bxe7 Nxe2+ 14. Qxe2 Qxc3 15. Bxf8 Kxf8 16. axb5 Bxe5 17. Rxa7 Bd4 18. Rb1 d5 19. Rb3 1-0

[Event "SWE-ch U20"]
[Site "Eskilstuna"]
[Date "2019.07.06"]
[Round "1"]
[White "Johnson, Daniel"]
[Black "Sundin, Emanuel"]
[Result "1/2-1/2"]
[WhiteElo "2212"]
[BlackElo "2134"]
[PlyCount "32"]
[EventDate "2019.07.06"]
[EventType "tourn"]
[EventRounds "9"]
[EventCountry "SWE"]
[SourceTitle "CBM 191 Extra"]
[Source "ChessBase"]
[SourceDate "2019.09.30"]
[SourceVersion "1"]
[SourceVersionDate "2019.09.30"]
[SourceQuality "1"]

1. d4 Nf6 2. c4 g6 3. Nc3 Bg7 4. e4 d6 5. f3 0-0 6. Nge2 c5 7. d5 e6 8. Ng3 exd5 9. cxd5 h5 10. Bg5 Qb6 11. Qd2 Nh7 12. Be3 Nd7 13. Nge2 Ne5 14. Nf4 a6 15. Be2 Qa5 16. 0-0 b5 1/2-1/2

[Event "Uppsala Young Champions"]
[Site "Uppsala"]
[Date "2018.10.31"]
[Round "8"]
[White "Bit Narva, David"]
[Black "Sundin, Emanuel"]
[Result "1/2-1/2"]
[WhiteElo "1974"]
[BlackElo "2166"]
[PlyCount "75"]
[EventDate "2018.10.26"]
[EventType "swiss"]
[EventRounds "9"]
[EventCountry "SWE"]
[SourceTitle "CBM 187 Extra"]
[Source "ChessBase"]
[SourceDate "2018.11.04"]
[SourceVersion "1"]
[SourceVersionDate "2018.11.04"]
[SourceQuality "1"]

1. e4 d5 2. exd5 Nf6 3. d4 Bg4 4. Be2 Bxe2 5. Nxe2 Qxd5 6. 0-0 Nc6 7. b3 e6 8. c4 Qh5 9. Nbc3 0-0-0 10. Bf4 a6 11. Bg3 Bc5 12. b4 Bxb4 13. Qb3 Bxc3 14. Nxc3 Rxd4 15. Rab1 Na5 16. Qb4 Rxc4 17. Qb2 Rd8 18. Rfe1 Qc5 19. Rec1 Nd5 20. Ne4 Qc6 21. Nd2 Rxc1+ 22. Rxc1 Qa4 23. Qxg7 Qa3 24. Qa1 Nc6 25. h3 Ndb4 26. Nc4 Qxa2 27. Qf6 a5 28. Qxf7 Na6 29. Qxe6+ Kb8 30. Qf6 Qe2 31. Qa1 Rd5 32. Nb6 Rd3 33. Re1 Qd2 34. Re8+ Ka7 35. Nc8+ Kb8 36. Nd6+ Ka7 37. Nc8+ Kb8 38. Nd6+ 1/2-1/2

[Event "Uppsala Young Champions"]
[Site "Uppsala"]
[Date "2018.10.29"]
[Round "5"]
[White "Sundin, Emanuel"]
[Black "Colbow, Collin"]
[Result "1-0"]
[WhiteElo "2166"]
[BlackElo "2131"]
[PlyCount "79"]
[EventDate "2018.10.26"]
[EventType "swiss"]
[EventRounds "9"]
[EventCountry "SWE"]
[SourceTitle "CBM 187 Extra"]
[Source "ChessBase"]
[SourceDate "2018.11.04"]
[SourceVersion "1"]
[SourceVersionDate "2018.11.04"]
[SourceQuality "1"]

1. d4 Nf6 2. c4 e6 3. g3 d5 4. Nf3 Bb4+ 5. Bd2 Bd6 6. Bg2 0-0 7. 0-0 c6 8. Qc2 Ne4 9. a3 Nd7 10. Nc3 f5 11. e3 g5 12. Ne2 b6 13. c5 bxc5 14. dxc5 Ndxc5 15. b4 Nb7 16. Nfd4 Nxd2 17. Qxd2 c5 18. bxc5 Nxc5 19. Rfc1 Bd7 20. Qa2 Qe7 21. Rab1 Rab8 22. Nc3 Kh8 23. Ncb5 a6 24. Nxd6 Qxd6 25. Qa1 Kg8 26. Qc3 Na4 27. Qd2 Rxb1 28. Rxb1 Rc8 29. e4 h6 30. exd5 exd5 31. Qa5 Nc5 32. Rd1 Rb8 33. Qc3 Ne4 34. Qc2 Qxa3 35. Bxe4 fxe4 36. Qc7 Rb4 37. Qd8+ Kf7 38. Qxd7+ Kg6 39. Qf5+ Kh5 40. Ne6 1-0

[Event "Uppsala Young Champions"]
[Site "Uppsala"]
[Date "2018.10.27"]
[Round "2"]
[White "Sundin, Emanuel"]
[Black "Kucuksari, Kaan"]
[Result "1-0"]
[WhiteElo "2166"]
[BlackElo "2327"]
[PlyCount "109"]
[EventDate "2018.10.26"]
[EventType "swiss"]
[EventRounds "9"]
[EventCountry "SWE"]
[SourceTitle "CBM 187 Extra"]
[Source "ChessBase"]
[SourceDate "2018.11.04"]
[SourceVersion "1"]
[SourceVersionDate "2018.11.04"]
[SourceQuality "1"]

1. e4 c5 2. Nf3 e6 3. d4 cxd4 4. Nxd4 a6 5. Bd3 Bc5 6. Nb3 Be7 7. Qg4 g6 8. Qe2 d6 9. 0-0 Nd7 10. Nc3 Qc7 11. Bd2 Ngf6 12. Bh6 Rg8 13. f4 b5 14. Rae1 b4 15. Nd1 Bb7 16. Bg5 Bf8 17. Bh4 d5 18. e5 Ne4 19. Bxe4 dxe4 20. Ne3 a5 21. Rf2 a4 22. Nd4 Bc5 23. Rd1 Ba6 24. Qe1 h5 25. Rfd2 g5 26. Bxg5 Nxe5 27. Kh1 Ng6 28. f5 Ne7 29. Qh4 e5 30. Ne6 Qb6 31. Rd8+ Rxd8 32. Rxd8+ Qxd8 33. Nxd8 Kxd8 34. Nd5 Rxg5 35. Qxg5 Bb7 36. Nxe7 Bxe7 37. Qe3 Kd7 38. h3 f6 39. Kh2 h4 40. g3 a3 41. bxa3 hxg3+ 42. Kxg3 bxa3 43. h4 Bd5 44. Qd2 Kc6 45. c3 Bc4 46. h5 Bc5 47. Qc2 e3 48. h6 e2 49. Qe4+ Kc7 50. h7 Bd3 51. Qh1 Be3 52. h8Q Bd2 53. Qg7+ Kb6 54. Qgb7+ Ka5 55. Qb4+ 1-0

[Event "SWE Cup rapid"]
[Site "Linkoping"]
[Date "2018.09.08"]
[Round "4.7"]
[White "Sundin, Emanuel"]
[Black "Glimbrant, Torbjorn"]
[Result "0-1"]
[WhiteElo "2169"]
[BlackElo "2261"]
[PlyCount "114"]
[EventDate "2018.09.07"]
[EventType "team-swiss (rapid)"]
[EventRounds "9"]
[EventCountry "SWE"]
[SourceTitle "CBM 186 Extra"]
[Source "ChessBase"]
[SourceDate "2018.08.24"]
[SourceVersion "1"]
[SourceVersionDate "2018.08.24"]
[SourceQuality "1"]
[WhiteTeam "Gnarps"]
[BlackTeam "Kungstornet"]
[WhiteTeamCountry "SWE"]
[BlackTeamCountry "SWE"]

1. e4 e6 2. d4 d5 3. Bd3 c5 4. exd5 exd5 5. Nf3 c4 6. Be2 Nc6 7. b3 cxb3 8. axb3 Bd6 9. 0-0 Nge7 10. c4 0-0 11. Bg5 f6 12. Bc1 Be6 13. Bb2 Qd7 14. Nc3 Rad8 15. Re1 Bf7 16. c5 Bb8 17. Bb5 a6 18. Be2 Ng6 19. Bf1 Nf4 20. Ne2 Rfe8 21. Nxf4 Bxf4 22. g3 Bc7 23. Bg2 Ba5 24. Rxe8+ Rxe8 25. Rc1 Bh5 26. Bc3 Bxc3 27. Rxc3 Kh8 28. Qd2 g5 29. Re3 Rxe3 30. Qxe3 Kg7 31. h4 h6 32. hxg5 hxg5 33. Ne1 Bf7 34. Nd3 Qe6 35. Kf1 Kf8 36. Ne1 Ke7 37. Nc2 Kd7 38. Ke2 Qf5 39. Ne1 Be6 40. Nd3 Qg4+ 41. Kd2 Qxd4 42. Qxd4 Nxd4 43. Kc3 Nc6 44. f4 d4+ 45. Kb2 Bf5 46. Ne1 gxf4 47. gxf4 Kc7 48. Nf3 Be4 49. Ne1 f5 50. Bf1 Nb4 51. Bc4 Kc6 52. Kc1 Kxc5 53. Kd2 Nd5 54. Nc2 Bxc2 55. Kxc2 Ne3+ 56. Kd3 Nxc4 57. bxc4 a5 0-1

[Event "SWE-ch U20"]
[Site "Ronneby"]
[Date "2018.07.08"]
[Round "9"]
[White "Kucuksari, Kaan"]
[Black "Sundin, Emanuel"]
[Result "1-0"]
[WhiteElo "2296"]
[BlackElo "2167"]
[PlyCount "43"]
[EventDate "2018.06.30"]
[EventType "tourn"]
[EventRounds "9"]
[EventCountry "SWE"]
[SourceTitle "CBM 185 Extra"]
[Source "ChessBase"]
[SourceDate "2018.07.29"]
[SourceVersion "1"]
[SourceVersionDate "2018.07.29"]
[SourceQuality "1"]

1. d4 d5 2. Nf3 Nf6 3. c4 e6 4. g3 Be7 5. Bg2 0-0 6. 0-0 dxc4 7. Ne5 Qd6 8. Na3 Rd8 9. Nb5 Qb6 10. a4 Ne8 11. Nxc4 Qa6 12. Qb3 Nc6 13. Rd1 Na5 14. Nxa5 Qxa5 15. Bd2 Qa6 16. Bb4 Bd6 17. Nxd6 cxd6 18. e3 Bd7 19. Bf1 Qc6 20. d5 exd5 21. Rdc1 Qb6 22. a5 1-0

[Event "SWE-ch U20"]
[Site "Ronneby"]
[Date "2018.07.02"]
[Round "3"]
[White "Sundin, Emanuel"]
[Black "Pantzar, Milton"]
[Result "1/2-1/2"]
[WhiteElo "2167"]
[BlackElo "2333"]
[PlyCount "37"]
[EventDate "2018.06.30"]
[EventType "tourn"]
[EventRounds "9"]
[EventCountry "SWE"]
[SourceTitle "CBM 185 Extra"]
[Source "ChessBase"]
[SourceDate "2018.07.29"]
[SourceVersion "1"]
[SourceVersionDate "2018.07.29"]
[SourceQuality "1"]

1. e4 e5 2. Nf3 Nc6 3. Bc4 Nf6 4. 0-0 Nxe4 5. Nc3 Nxc3 6. dxc3 Be7 7. Qd5 0-0 8. Nxe5 Nxe5 9. Qxe5 d6 10. Qh5 Bd7 11. Be3 g6 12. Qf3 Bc6 13. Bd5 Qd7 14. Bh6 Bxd5 15. Qxd5 Rfb8 16. Rfe1 Bf6 17. Qf3 Bg7 18. Bxg7 Kxg7 19. Re3 1/2-1/2

[Event "Ostersund op"]
[Site "Ostersund"]
[Date "2018.06.17"]
[Round "6"]
[White "Langvik, Ulrikke"]
[Black "Sundin, Emanuel"]
[Result "0-1"]
[WhiteElo "1587"]
[BlackElo "2167"]
[PlyCount "56"]
[EventDate "2018.06.15"]
[EventType "swiss"]
[EventRounds "6"]
[EventCountry "SWE"]
[SourceTitle "CBM 184 Extra"]
[Source "ChessBase"]
[SourceDate "2018.06.28"]
[SourceVersion "1"]
[SourceVersionDate "2018.06.28"]
[SourceQuality "1"]

1. d4 Nf6 2. c4 g6 3. Nc3 Bg7 4. e4 d6 5. f3 0-0 6. Nge2 c5 7. Be3 Nc6 8. dxc5 dxc5 9. Bxc5 Qa5 10. Be3 Rd8 11. Qb3 Nh5 12. Bd2 Qc5 13. g4 Ne5 14. Bg2 Nd3+ 15. Kd1 Nf2+ 16. Kc2 Nxh1 17. Rxh1 Nf6 18. h4 Be6 19. Qb5 Qf2 20. Rg1 Rac8 21. b3 Nxg4 22. Bf1 Ne3+ 23. Bxe3 Qxe3 24. Rg2 Rd2+ 25. Kb1 Qd3+ 26. Ka1 Bxc3+ 27. Nxc3 Qxc3+ 28. Kb1 Qb2# 0-1

[Event "Ostersund op"]
[Site "Ostersund"]
[Date "2018.06.16"]
[Round "4"]
[White "Soderstrom, Adrian"]
[Black "Sundin, Emanuel"]
[Result "1/2-1/2"]
[WhiteElo "1983"]
[BlackElo "2167"]
[PlyCount "73"]
[EventDate "2018.06.15"]
[EventType "swiss"]
[EventRounds "6"]
[EventCountry "SWE"]
[SourceTitle "CBM 184 Extra"]
[Source "ChessBase"]
[SourceDate "2018.06.28"]
[SourceVersion "1"]
[SourceVersionDate "2018.06.28"]
[SourceQuality "1"]

1. d4 Nf6 2. Bf4 g6 3. Nc3 d5 4. e3 Bg7 5. h4 h5 6. Nb5 Na6 7. Na3 c6 8. Bd3 b5 9. Nf3 0-0 10. 0-0 Bg4 11. Nb1 Ne4 12. a4 Nc7 13. axb5 Nxb5 14. Be2 f6 15. Nbd2 Nbd6 16. Bxd6 Nxd6 17. Ra6 Qc7 18. Nb3 Ne4 19. Nfd2 Bc8 20. Ra2 f5 21. Nxe4 fxe4 22. f4 exf3 23. Rxf3 Bh6 24. Rxf8+ Kxf8 25. Qf1+ Kg7 26. Qf2 Bf5 27. Nc5 Kg8 28. Bf3 e5 29. Ra3 Rf8 30. Qg3 Qb6 31. Bxh5 Qxb2 32. Bxg6 Qxa3 33. Bxf5+ Kh8 34. Qxe5+ Bg7 35. Qe6 Qc1+ 36. Kh2 Qe1 37. Bh3 1/2-1/2

[Event "Norrkoeping Easter op"]
[Site "Norrkoeping"]
[Date "2018.04.01"]
[Round "6"]
[White "Sundin, Emanuel"]
[Black "Pantzar, Milton"]
[Result "0-1"]
[WhiteElo "2145"]
[BlackElo "2263"]
[PlyCount "104"]
[EventDate "2018.03.30"]
[EventType "swiss"]
[EventRounds "9"]
[EventCountry "SWE"]
[SourceTitle "CBM 183 Extra"]
[Source "ChessBase"]
[SourceDate "2018.04.19"]
[SourceVersion "1"]
[SourceVersionDate "2018.04.19"]
[SourceQuality "1"]

1. e4 e5 2. Nf3 Nc6 3. Bc4 Bc5 4. c3 Nf6 5. d4 exd4 6. cxd4 Bb4+ 7. Bd2 Bxd2+ 8. Nbxd2 d5 9. exd5 Nxd5 10. Qb3 Nce7 11. 0-0 0-0 12. Rfe1 Nb6 13. Bd3 Ng6 14. Qc2 Be6 15. Nb3 Bxb3 16. Qxb3 Qd5 17. Qc2 c6 18. Be4 Qc4 19. Qxc4 Nxc4 20. d5 f5 21. Bc2 cxd5 22. Rad1 Nb6 23. Nd4 f4 24. Bb3 Rae8 25. Ne6 Rf7 26. Nc5 Rxe1+ 27. Rxe1 Rc7 28. Nd3 Kf7 29. f3 a5 30. a4 Nc4 31. Kf2 Rc6 32. g3 fxg3+ 33. hxg3 Rb6 34. Nc5 Nge5 35. Rd1 Rb4 36. Rxd5 b6 37. Rxe5 Rxb3 38. Rf5+ Kg6 39. Nxb3 Kxf5 40. Nd4+ Ke5 41. Nc6+ Kd6 42. Nd4 Kd5 43. Nf5 Nxb2 44. Nxg7 Nxa4 45. Ke3 Nc5 46. Kd2 b5 47. Kc2 b4 48. f4 a4 49. f5 Ke5 50. g4 a3 51. Ne8 b3+ 52. Kb1 Na4 0-1

[Event "Vasteras op"]
[Site "Vasteras"]
[Date "2017.09.29"]
[Round "1"]
[White "Sundin, Emanuel"]
[Black "Hector, Jonny"]
[Result "0-1"]
[WhiteElo "1966"]
[BlackElo "2479"]
[PlyCount "72"]
[EventDate "2017.09.29"]
[EventType "swiss"]
[EventRounds "8"]
[EventCountry "SWE"]
[SourceTitle "EXT 2018"]
[Source "ChessBase"]
[SourceDate "2017.10.13"]
[SourceVersion "1"]
[SourceVersionDate "2017.10.13"]
[SourceQuality "1"]

1. d4 d5 2. c4 c6 3. Nf3 Nf6 4. Nc3 dxc4 5. a4 Bf5 6. Ne5 Nbd7 7. Nxc4 Qc7 8. g3 e5 9. dxe5 Nxe5 10. Bf4 Nfd7 11. Bg2 Be7 12. 0-0 g5 13. Bxe5 Nxe5 14. Qd4 f6 15. Nxe5 Qxe5 16. Rfd1 Qxd4 17. Rxd4 Kf7 18. Ne4 Rhd8 19. Rad1 Rxd4 20. Rxd4 Ke6 21. e3 a5 22. g4 Bg6 23. Ng3 Ra6 24. Be4 Rb6 25. Rd2 Bxe4 26. Nxe4 Rb4 27. Nc3 Rxg4+ 28. Kf1 Bb4 29. f3 Bxc3 30. bxc3 Rxa4 31. Rb2 b5 32. Ke2 Ra3 33. c4 b4 34. Kf2 c5 35. e4 a4 36. Ke2 Rc3 0-1

[Event "Pardubice op rap 26th"]
[Site "Pardubice"]
[Date "2015.07.23"]
[Round "5"]
[White "Bukacek, Lubomir"]
[Black "Sundin, Emanuel"]
[Result "0-1"]
[WhiteElo "2097"]
[BlackElo "1726"]
[PlyCount "70"]
[EventDate "2015.07.22"]
[EventType "swiss (rapid)"]
[EventRounds "9"]
[EventCountry "CZE"]
[SourceTitle "CBM 167 Extra"]
[Source "ChessBase"]
[SourceDate "2015.09.14"]
[SourceVersion "1"]
[SourceVersionDate "2015.09.14"]
[SourceQuality "1"]

1. d4 Nf6 2. g3 d5 3. Bg2 e6 4. Nf3 Bd6 5. c4 c6 6. Nc3 Ne4 7. Nxe4 dxe4 8. Nd2 f5 9. 0-0 0-0 10. f4 Nd7 11. Nb3 Nf6 12. e3 Bd7 13. Bd2 Be8 14. Bc3 Bh5 15. Qd2 Qe8 16. Rac1 Rd8 17. Bb4 Ng4 18. Bxd6 Rxd6 19. Qb4 Rd7 20. Rc3 Rf6 21. a4 Rh6 22. a5 Bf7 23. h3 Nf6 24. Nc5 Rc7 25. Nxb7 Nh5 26. g4 fxg4 27. hxg4 Ng3 28. Re1 Bh5 29. g5 Bf3 30. Bxf3 exf3 31. gxh6 Qh5 32. e4 Qh1+ 33. Kf2 Qg2+ 34. Ke3 Nf1+ 35. Rxf1 Qe2# 0-1